Länder, die Israel am meisten besuchen - Statistiken

Allgemein
  • Dieses Quiz wurde 70 mal gespielt
  • Das Durchschnittsergebnis liegt bei 16 aus 20
Antwortstatistiken
Platz Touristenankünfte Land % Korrekt
🥇 ~1.000.000 Vereinigte Staaten
98%
4. ~310.000 Deutschland
97%
6. ~200.000 Italien
95%
🥉 ~380.000 Frankreich
94%
🥈 ~400.000 Russland
90%
11. ~110.000 Spanien
90%
12. ~100.000 Kanada
89%
8. ~180.000 Polen
87%
14. ~87.000 Brasilien
82%
9. ~160.000 China
82%
5. ~260.000 Vereinigtes Königreich
82%
7. ~180.000 Ukraine
77%
18. ~54.000 Australien
76%
19. ~54.000 Mexiko
74%
20. ~51.000 Österreich
71%
13. ~95.000 Niederlande
68%
15. ~70.000 Schweiz
68%
16. ~65.000 Indien
61%
17. ~61.000 Südkorea
53%
10. ~125.000 Rumänien
42%
Keine übereinstimmenden Quizze gefunden
Verteilung der Resultate
Anzahl Personen mit jedem Resultat
Perzentil nach korrekt beantworteten Fragen
Ihre Resultats-Entwicklung
Sie haben dieses Quiz noch nicht gespielt